D. Alphonsi de Olea ... Tractatus de cessione iurium et actionum (Record no. 160920)

MARC details
000 -LEADER
campo de control de longitud fija 01223nam a22002175i 4500
001 - NÚMERO DE CONTROL
campo de control 160920
003 - IDENTIFICADOR DE NÚMERO DE CONTROL
campo de control ES-MaACL
005 - FECHA Y HORA DE LA ÚLTIMA TRANSACCIÓN
campo de control 20230906212145.0
008 - DATOS DE LONGITUD FIJA--INFORMACIÓN GENERAL
campo de control de longitud fija 990730s1740 fr |||| | lat d
040 ## - FUENTE DE CATALOGACIÓN
Centro catalogador/agencia de origen CCPB | B
Lengua de catalogación spa
Centro/agencia transcriptor CCPB | B
100 1# - ENTRADA PRINCIPAL--NOMBRE DE PERSONA
Nombre de persona Olea, Alfonso de.
9 (RLIN) 130607
245 10 - MENCIÓN DEL TÍTULO
Título D. Alphonsi de Olea ... Tractatus de cessione iurium et actionum
Resto del título : in quo insertae sunt, suo loco, additiones, seu resolutiones tam authoris, quam aureae Cencinii : tomus secundus, continens S. Rotae Rom. Decisiones ad hanc materiam facientes et D. Car. Ant. de Luca Spicilegium, cum Oleae Responsionibus ad eumdem et aliorum objectionibus.
260 ## - PUBLICACIÓN, DISTRIBUCIÓN, ETC.
Lugar de publicación, distribución, etc. Lugduni :
Nombre del editor, distribuidor, etc. ex Officina de Tournes,
Fecha de publicación, distribución, etc. 1740.
300 ## - DESCRIPCIÓN FÍSICA
Extensión [20], 214 p., [2] bl. ; [12], 160, 14 p., [2] en bl. ;
Dimensiones Fol.
596 ## - NOTA AL PIE DE IMPRENTA
NOTA AL PIE DE IMPRENTA Segunda obra con port. propia y pie de imp.: Lugduni : sumptibus G. de Tournes, Haeredum, 1739.
597 ## - NOTA DE DESCRIPCIÓN FÍSICA
NOTA DE DESCRIPCIÓN FÍSICA Sign.: [calderón]4, [parágrafo]6, A-P6, Q-S4, T6 ; ã6, A-O6, P4.
597 ## - NOTA DE DESCRIPCIÓN FÍSICA
NOTA DE DESCRIPCIÓN FÍSICA Ambas port. con grab. xil.
597 ## - NOTA DE DESCRIPCIÓN FÍSICA
NOTA DE DESCRIPCIÓN FÍSICA Texto a dos col.
852 ## - LOCALIZACIÓN
Ubicación ES-MaACL
Número de control de estantería R-1533(2)
Nota libre -- Enc. piel no original de la época
Encuadernación Olim: G-2202
852 ## - LOCALIZACIÓN
Ubicación ES-MaACL
Número de control de estantería R-1533(3)
Nota libre -- Enc. piel no original de la época
Encuadernación Olim: G-2202
Holdings
Estatus retirado Estado de pérdida Estado de daño No para préstamo Colección Biblioteca de origen Biblioteca actual Ubicación en estantería Fecha de adquisición Fuente de adquisición Total de préstamos Signatura topográfica completa Código de barras Visto por última vez Precio de reemplazo Tipo de ítem Koha
        Libros del s. XVIII Biblioteca del Ateneo de Madrid Biblioteca del Ateneo de Madrid Depósito 17/01/2008     R-1533(3) 1168527 23/02/2023 23/02/2023 Libro impreso antiguo
        Libros del s. XVIII Biblioteca del Ateneo de Madrid Biblioteca del Ateneo de Madrid Depósito 17/01/2008     R-1533(2) 1168526 23/02/2023 23/02/2023 Libro impreso antiguo